| 000 | 00931nam0a22002651 4500 | ||
|---|---|---|---|
| 001 | rc\2697268 | ||
| 005 | 20260406143457.0 | ||
| 035 | _a(NLR Aleph) 006825452 | ||
| 090 |
_a6488514 _c6488514 |
||
| 100 | _a20110915d1933 |||y0rusy50 ca | ||
| 101 | 0 | _arus | |
| 102 | _aRU | ||
| 105 | _aa z ||||| | ||
| 200 | 1 |
_aМстислав Удалой _e[К постановке] _fО. Прут |
|
| 210 |
_aУльяновск _cУльян. гостеатр _d1933 _gтип. изд-ва "Пролет. путь" |
||
| 215 |
_aОбл., 12 с., без тит. л. _cил. _d20х14 см. |
||
| 225 | 1 |
_aСредне-Волжский госдрамтеатр _v№ 3 |
|
| 702 | 1 |
_aПрут _bО. _4570 |
|
| 710 | 0 | 2 |
_aУльяновский драматический театр _9341318 _3RU\NLR\AUTH\889922667 |
| 801 | 0 |
_aRU _bNLR _gpsbo |
|
| 801 | 1 |
_aRU _bELAR _2rusmarc |
|
| 852 |
_aNLR _j33-10/2152 |
||
| 942 | _cBOOK | ||
| 980 | _aNB | ||